000 01381cam a2200301 a 4500
999 _c234959
_d234959
001 14967881
003 Nust
005 20170403163938.0
008 070815s2008 nyu 000 1 eng
010 _a 2007033890
020 _a9780007294596
035 _a(OCoLC)ocn165478930
035 _a(OCoLC)165478930
040 _aDLC
_cDLC
_dYDX
_dBAKER
_dBTCTA
_dYDXCP
_dJP3
_dMNL
_dLCS
_dB2A
_dBWX
_dIXA
_dCDX
_dDLC
050 0 0 _aPS3569.T3655
_bA88 2008
082 0 0 _a813.54
_bSTE
100 1 _aStein, Garth.
245 1 4 _aThe art of racing in the rain :
_ba novel /
_cGarth Stein.
250 _a1st ed.
260 _aNew York :
_bHarper,
_c2008.
300 _a321 p. ;
_c22 cm.
520 _aNearing the end of his life, Enzo, a dog with a philosopher's soul, tries to bring together the family, pulled apart by a three year custody battle between daughter Zoe's maternal grandparents and her father Denny, a race car driver.
650 0 _aDogs
_vFiction.
650 0 _aAutomobile racing drivers
_vFiction.
655 0 _aExperimental fiction.
906 _a7
_bcbc
_corignew
_d1
_eecip
_f20
_gy-gencatlg
942 _2ddc
_cBK